[Event "XXVI Ciudad de Linares"]
[Site "Linares"]
[Date "2009.02.20"]
[Round "2"]
[White "Carlsen, Magnus"]
[Black "Dominguez Perez, Leinier"]
[Result "1/2-1/2"]
[WhiteElo "2776"]
[BlackElo "2717"]
[PlyCount "35"]
[EventDate "2009.??.??"]
[EventCountry "ESP"]
[Source "Chess Tigers"]
[SourceDate "2009.01.01"]

1. c4 c5 2. Nf3 Nc6 3. d4 cxd4 4. Nxd4 Nf6 5. Nc3 e6 6. g3 Qb6 7. Ndb5 Ne5 8.
Bf4 Nfg4 9. Qa4 (9. e3 a6 10. Nc7+ Qxc7 11. Qxg4 d6 (11... Qxc4 12. Qd1 Qc6 13.
e4 Bb4 14. Bxe5 Qxe4+ 15. Qe2 Qxh1 16. O-O-O Bxc3 17. Bxc3 Qxh2 18. Bxg7 Rg8
19. Bc3 d5 20. Rxd5 Bd7 21. Rh5 Qg1 22. Qe1 O-O-O 23. Rxh7 Bb5 24. Bxb5 Qxe1+
25. Bxe1 axb5 26. Rxf7 Rgf8 27. Rxf8 Rxf8 28. Kd2 Kd7 29. Ke3 Rc8 30. Bc3 Rc4
31. a3 Ke7 32. f4 Kf7 33. g4 Kg6 34. Kf3 Kf7 35. Ke3 Kg6 {1/2-1/2 Smirin,I 
(2671)-Holzke,F (2492)/Port Erin 2004/CBM 102 ext}) 12. Qe2 Bd7 13. Bxe5 dxe5
14. Bg2 Be7 15. O-O O-O 16. Rac1 Rac8 17. Rfd1 Rfd8 18. c5 f5 19. e4 Bg5 20.
Rb1 g6 21. b4 Bc6 22. Qc4 Qf7 23. a4 Bf6 24. b5 axb5 25. axb5 Be8 26. Rxd8 Rxd8
27. c6 Rc8 28. Na4 bxc6 29. b6 Rb8 30. Nc5 Be7 31. Qc3 Bd6 32. exf5 gxf5 33.
Na6 Ra8 34. Qd3 Qe7 35. b7 Rd8 36. Qc2 e4 {1-0 Anand,V (2725)-Leko,P (2625)/
Wijk aan Zee 1996/CBM 051}) 9... g5 (9... a6 10. f3 g5 11. Bxg5 f6 12. Bf4 Ne3
13. Nc7+ Qxc7 14. Bxe3 Nxc4 15. Bf4 Qc5 16. Ne4 Qb4+ 17. Qxb4 Bxb4+ 18. Kf2 f5
19. b3 fxe4 20. bxc4 b5 21. Rb1 Bc5+ 22. Be3 Be7 23. Bg2 O-O 24. f4 bxc4 25.
Bxe4 d5 26. Bf3 Bf6 27. Bc5 Rf7 28. e4 Rc7 29. Be3 d4 30. e5 dxe3+ 31. Kxe3
Raa7 32. exf6 Kf7 33. Rhc1 Rc5 34. Kd4 Rac7 35. Rc3 Kxf6 36. Be4 Ra5 37. Rb2
Ra4 38. g4 h6 39. h4 Kg7 40. g5 Rd7+ 41. Ke3 Rc7 42. a3 Ra5 43. Rb4 Bd7 44. Rb6
Bc8 45. Rb4 Bd7 46. Kd4 Bb5 47. Bc2 Rf7 48. Ke3 Bd7 49. Rb6 Bc8 50. Rc6 Bd7 51.
Rd6 Bc8 52. Be4 Rc5 53. Rb6 Ra5 54. Rc6 Bd7 55. Rc7 hxg5 56. fxg5 Be8 57. R7xc4
Rb5 58. Rc8 Bd7 59. Rd8 Ra5 60. g6 Re7 61. Rc7 Rxa3+ 62. Kd2 Ra2+ 63. Kc1 {1-0
Sargissian,G (2642)-Avrukh,B (2657)/Dresden 2008/CB49_2008}) (9... Bc5 10.
O-O-O f6 11. Ne4 O-O 12. b4 Be7 13. h3 Qc6 14. Bg2 d5 15. hxg4 Qxc4+ 16. Nec3
a6 17. Qc2 axb5 18. Bxe5 fxe5 19. Rxd5 h6 20. Rd3 Bxb4 21. g5 Ra3 22. Ne4 Rxa2
23. Qxc4 bxc4 24. Re3 Bd7 25. g4 Rfa8 26. Nc3 Ba3+ 27. Kd1 Rd8 28. f3 Bc6+ 29.
Ke1 Ra1+ {0-1 Buhmann,R (2569)-Volokitin,A (2684)/Plovdiv 2008/CBM 124}) 10.
Bxe5 Qxf2+ $5 $146 (10... Nxe5 11. O-O-O a6 12. e3 Rb8 13. Nd4 Qc7 14. Be2 Be7
15. Kb1 Nc6 16. Rc1 Qe5 17. Rhd1 h5 18. Ka1 g4 19. Bf1 f5 20. Bg2 Kf7 21. h3
Bf6 22. Qc2 Ne7 23. Nce2 b5 24. cxb5 axb5 25. Nf4 d5 26. Qc5 Rb7 27. Qb4 Bd7
28. Nd3 Qb8 29. Nc5 Qd6 30. Qa5 Rc7 31. Nxd7 Rxd7 32. hxg4 hxg4 33. Bf1 b4 34.
Nb5 Qe5 35. Qxb4 Ra8 36. Rd2 Qb8 37. Kb1 Be5 38. Rdc2 Rda7 39. a3 Ra4 40. Qb3
Qb6 41. Rc5 R4a5 42. Be2 Rb8 43. Qb4 Kf6 44. R1c2 Rh8 45. e4 fxe4 46. Bxg4 Rha8
47. Rc1 Ra4 48. Qd2 Rxa3 49. Nxa3 Rxa3 50. Rc6 Nxc6 51. Qh6+ {1/2-1/2 Aronian,
L (2739)-Leko,P (2753)/Morelia/Linares 2008/CBM 123}) 11. Kd1 Nxe5 12. Nc7+ Kd8
13. Nxa8 Qd4+ 14. Kc2 Nxc4 15. Kb3 Nd2+ 16. Kc2 Nc4 17. Kb3 Nd2+ 18. Kc2
1/2-1/2

[Event "XXVI Ciudad de Linares"]
[Site "Linares"]
[Date "2009.02.20"]
[Round "2"]
[White "Grischuk, Alexander"]
[Black "Wang, Yue"]
[Result "1-0"]
[WhiteElo "2733"]
[BlackElo "2739"]
[PlyCount "114"]
[EventDate "2009.??.??"]
[EventCountry "ESP"]
[Source "Chess Tigers"]
[SourceDate "2009.01.01"]

1. d4 d5 2. c4 c6 3. Nf3 Nf6 4. Nc3 dxc4 5. a4 Bf5 6. Ne5 Nbd7 7. Nxc4 Nb6 8.
Ne5 a5 9. e3 g6 10. Bd3 Be6 (10... Bxd3 11. Nxd3 Bg7 12. Qb3 (12. O-O O-O 13.
Qe2 Nfd5 14. Rd1 Nb4 15. b3 N6d5 16. Bb2 Nxd3 17. Qxd3 Nxc3 18. Bxc3 Qd5 19.
Qc4 Rfd8 20. Rac1 f5 21. Kf1 Kf7 22. Ke2 e6 23. Qxd5 exd5 24. h3 Bf8 25. g4 Re8
26. gxf5 gxf5 27. Kd3 Re6 28. Rg1 Rg6 29. h4 Be7 30. h5 Rxg1 31. Rxg1 b6 32. f3
Re8 33. Bd2 Bd8 34. Be1 Bf6 35. Bg3 Rg8 36. Bh2 Rxg1 37. Bxg1 f4 38. Bh2 fxe3
39. Kxe3 Bd8 40. Bb8 Ke6 41. f4 Kf5 42. Kf3 b5 43. Bd6 Bb6 44. Be5 Bd8 45. Bd6
Ke6 46. Bc5 Kf5 47. Bd6 Ke6 {1/2-1/2 Adianto,U (2589)-Bu Xiangzhi (2671)/Doha
2006/CBM 115 ext}) 12... O-O 13. O-O Nfd7 14. Ne2 Qc7 (14... e5 15. dxe5 Nxe5
16. Nxe5 Bxe5 17. e4 Qc7 18. Bh6 Rfe8 19. f4 Bg7 20. Bxg7 Kxg7 21. Ng3 Nd7 22.
Qc3+ Kg8 23. e5 Qb6+ 24. Rf2 Nc5 25. Rc1 Nb3 26. Re1 f5 27. exf6 Qb4 28. Re5
Qxc3 29. bxc3 Rxe5 30. fxe5 Nc5 31. Rf4 b5 32. Ne4 Nxe4 33. Rxe4 Kf7 34. Kf2
bxa4 35. Rxa4 Ke6 36. Ke3 Kxe5 37. f7 Kf6 38. Rxa5 Rd8 39. Ra7 Kg7 {1-0 Jobava,
B (2637)-Dominguez,L (2658)/Havana 2005/CBM 107}) 15. e4 Nc8 16. f3 Rd8 17. Ne5
e6 18. Nc4 Ne7 19. Be3 b6 20. Rac1 Rab8 21. Qa3 c5 22. dxc5 bxc5 23. Bf4 e5 24.
Bg5 f6 25. Bd2 Nc6 26. Rfd1 Nb4 27. Nc3 Nb6 28. Nb5 Nxc4 29. Qb3 Qf7 30. Qxc4
Qxc4 31. Rxc4 Bh6 32. Bxh6 Rxd1+ 33. Kf2 g5 34. h4 Kf7 35. h5 Rbd8 36. Kg3 Na6
37. Kg4 Ke6 38. g3 R1d2 39. b3 R2d3 40. Nc3 Rb8 {0-1 Jobava,B (2658)-Shirov,A 
(2699)/Sochi 2007/CBM 118}) 11. O-O $146 (11. Be2 Bg7 12. e4 Nfd7 13. Nf3 Bg4
14. O-O O-O 15. h3 Bxf3 16. Bxf3 e5 (16... Qc7 17. e5 c5 18. Nb5 Qb8 19. Bg5
cxd4 20. Bxe7 Nxe5 21. Bd6 Qd8 22. Bxb7 Rb8 23. Be4 Qh4 24. Re1 d3 25. Bxd3
Nxd3 26. Qxd3 Nxa4 27. Bxf8 Bxf8 28. Qd4 Qxd4 29. Nxd4 Nxb2 30. Reb1 Bg7 31.
Nc6 Rb6 32. Nxa5 Bd4 33. Ra3 Rf6 34. Rf1 Bb6 35. Rb3 Bxa5 36. Rxb2 h5 37. g3
Bb6 38. Kg2 Kg7 39. Rd1 Bc5 40. Rd3 Bb6 41. Rdb3 Bd4 42. Rd2 Be5 43. Rd5 Ba1
44. Rbd3 Ra6 45. Rd6 Rxd6 46. Rxd6 f5 47. Kf3 Be5 48. Re6 Bc3 49. Ke2 Kf7 50.
Rd6 Be5 51. Rc6 Bd4 52. Rc2 Kf6 53. Kd3 Ba7 54. h4 f4 55. Ke4 fxg3 56. Rc6+ {
1-0 Cramling,P (2548)-Hammer,J (2532)/Gibraltar 2009/CB07_2009}) 17. d5 Re8 18.
g3 Qe7 19. b3 Rad8 20. Be3 cxd5 21. Nxd5 Nxd5 22. Qxd5 b6 23. Qb5 Bf8 24. Rad1
Qb4 25. Be2 Nc5 26. Qxb4 axb4 27. Bc4 Kg7 28. Kg2 f6 29. Bd5 Rb8 30. Rc1 Na6
31. Rc6 Bc5 32. a5 Bxe3 33. fxe3 Nc5 34. axb6 Nd7 35. Rc7 Re7 36. Bc6 Rxb6 37.
Rxd7 {1-0 Grischuk,A (2719)-Wang Yue (2736)/Elista 2008/CB01_2009}) (11. Nf3
Bg7 12. h3 Nfd5 13. O-O O-O 14. e4 Nb4 15. Be2 Qd7 16. Bf4 Rad8 17. Qc1 Bc4 18.
Bh6 Bxe2 19. Nxe2 Nc8 20. Ng3 Bxh6 21. Qxh6 f6 22. Rad1 Nd6 23. Rfe1 Nf7 24.
Qc1 Qc8 25. Qc3 Rfe8 26. e5 Rd5 27. Qb3 Kg7 28. Ne2 Rdd8 29. Nf4 Nd5 30. Nd3 f5
31. Nc5 b6 32. e6 Nd6 33. Nd7 Rxd7 34. exd7 Qxd7 35. Ne5 Qb7 36. Rc1 Rc8 37.
Qf3 Nb4 38. Nd3 Nxd3 39. Qxd3 Ne4 40. d5 c5 41. f3 Nd6 42. Re6 Kf7 43. Rce1 Rc7
44. h4 Rd7 45. h5 Ne8 46. Qc4 Rd6 47. Rxd6 Nxd6 48. Qh4 c4 49. hxg6+ hxg6 50.
Qh7+ Kf8 51. Re6 {1-0 Mchedlishvili,M (2615)-Shaw,J (2469)/Dresden 2008/
CB49_2008}) 11... Bg7 12. f4 Nfd7 13. Nf3 c5 14. Ng5 cxd4 15. Nxe6 fxe6 16. Ne4
O-O 17. Qg4 Rf5 18. Qh3 Nc5 19. Nxc5 Rxc5 20. Qxe6+ Kh8 21. e4 Rac8 22. e5 R8c6
23. Qf7 Nd5 24. Bd2 Qf8 25. Qxf8+ Bxf8 26. Rac1 e6 27. Kf2 b6 28. Kf3 Kg7 29.
g3 Rxc1 30. Rxc1 Rxc1 31. Bxc1 Kf7 32. Bc4 Ne3 33. b3 Bc5 34. Ke2 h5 35. Bb2 g5
36. fxg5 Ng4 37. Bd3 Nxe5 38. Be4 Ng4 39. h3 Ne3 40. Bc1 e5 41. Bxe3 dxe3 42.
h4 Kg7 43. Kf3 Kf7 44. Bd3 Bd4 45. Be2 Kg7 46. Ke4 Kg6 47. Bd1 Bc3 48. Kxe3 Kf5
49. Bxh5 Be1 50. Kf3 e4+ 51. Kg2 Bc3 52. Be2 Be1 53. Kh3 Bf2 54. Bb5 Be1 55.
Bd7+ Ke5 56. Kg4 e3 57. Bb5 Kd5 1-0

[Event "XXVI Ciudad de Linares"]
[Site "Linares"]
[Date "2009.02.20"]
[Round "2"]
[White "Radjabov, Teimour"]
[Black "Ivanchuk, Vassily"]
[Result "1/2-1/2"]
[WhiteElo "2760"]
[BlackElo "2779"]
[PlyCount "84"]
[EventDate "2009.??.??"]
[EventCountry "ESP"]
[Source "Chess Tigers"]
[SourceDate "2009.01.01"]

1. d4 Nf6 2. c4 g6 3. Nc3 Bg7 4. e4 O-O 5. Nf3 d6 6. Be2 e5 7. O-O Na6 8. Re1
c6 9. Bf1 exd4 10. Nxd4 Qb6 11. h3 Ng4 12. hxg4 Qxd4 13. Qxd4 (13. g5 Qxd1 (
13... f5 14. Bf4 fxe4 15. Qxd4 Bxd4 16. Rxe4 Bxc3 17. bxc3 Nc5 18. Rd4 Ne6 19.
Bxd6 Nxd4 20. Bxf8 Nc2 21. Rc1 Ne3 22. fxe3 Kxf8 23. e4 a5 24. Kf2 a4 25. Ke3
a3 26. Rb1 Ra5 27. Kf4 Kg7 28. Be2 h6 29. gxh6+ Kxh6 30. e5 Kg7 31. Bd3 Kf7 32.
Rh1 Kg7 33. Rb1 Kf7 34. g4 g5+ 35. Kxg5 Rxe5+ 36. Kf4 Rc5 37. Rb3 Kf6 38. Rxa3
Rg5 39. Be2 Re5 40. Bf3 Rc5 41. Ra4 Be6 42. Rb4 b5 43. Be2 Re5 44. Rb2 bxc4 45.
Bf3 Ke7 46. Kxe5 {1-0 Kramnik,V (2772)-Gelfand,B (2712)/Monte Carlo 2001/CBM
081 ext}) (13... Qe5 14. Be3 Nc5 (14... Qe7 15. Qd2 Nc5 16. Rad1 Be5 17. b4 Nd7
18. f4 Bg7 19. f5 f6 20. fxg6 Ne5 21. gxh7+ Kh8 22. Qxd6 Qxd6 23. Rxd6 fxg5 24.
Na4 Bg4 25. Nc5 b6 26. Nd3 Nxc4 27. Nf2 Rxf2 28. Bxc4 Rff8 29. Rxc6 Rae8 30.
Bd5 Bd7 31. Rc7 Be6 32. Bxe6 Rxe6 33. Bf2 Be5 34. Rxa7 Rh6 35. g3 Rhf6 36. Be3
Rf3 37. Re7 Rxg3+ 38. Kh1 Rh3+ 39. Kg1 Rg3+ 40. Kh1 Rh3+ {1/2-1/2 Beliavsky,A 
(2655)-Gelfand,B (2665)/Paris 1991/CBM 026 ext}) 15. f3 f6 16. gxf6 Bxf6 17.
Qd2 Bh4 18. Bf2 Bxf2+ 19. Qxf2 Ne6 20. Rad1 Ng5 21. Be2 Be6 22. Rf1 Rf4 23. Qd4
Nf7 24. g3 Qg5 25. Kf2 Rf6 26. f4 Bh3 27. Rh1 c5 28. Qe3 {1-0 Gurevich,D (2507)
-Svidler,P (2742)/Rishon Le Ziyyon 2006/CBM 114 ext}) 14. Rxd1 Nc5 15. f3 Be5
16. Be3 a5 17. Rd2 a4 18. Rc1 a3 19. b4 Na4 20. Nd1 Be6 21. Bd4 Bf4 22. Be3 Be5
23. Bd4 Rfd8 24. Kf2 c5 25. Bxe5 dxe5 26. Rxd8+ Rxd8 27. Ke1 cxb4 28. Rb1 Nc3
29. Nxc3 bxc3 30. Rd1 Rd4 31. Be2 Kf8 32. Rc1 Rd2 33. Rxc3 Rxa2 34. Rb3 Rxe2+ {
0-1 Topalov,V (2801)-Svidler,P (2765)/Monte Carlo 2006/CBM 111 ext}) (13. Qf3
Qe5 14. g5 Qe7 15. Qg3 Nc5 16. Bf4 Be5 17. Rad1 f6 18. gxf6 Rxf6 19. Bxe5 Qxe5
20. b4 Qxg3 21. fxg3 Nd7 22. e5 dxe5 23. Ne4 Rf7 24. c5 Kg7 25. Bc4 Re7 26. a4
Re8 27. Rf1 Re7 28. Rd2 b5 29. axb5 cxb5 30. Bd5 {1-0 Gelfand,B (2675)
-Markowski,T (2525)/Polanica Zdroj 1998/CBM 067}) (13. Bf4 Qxd1 14. Raxd1 Be5
15. Bh6 Re8 16. f3 Nc5 17. Kf2 a6 18. Rc1 Be6 19. Be3 b5 20. b4 Nd7 21. Nb1 c5
22. bxc5 Nxc5 23. cxb5 axb5 24. Bxb5 Rxa2+ 25. Re2 Rb8 26. Rxa2 Bxa2 27. Na3
Rxb5 28. Nxb5 Nd3+ 29. Kg1 Nxc1 30. Bxc1 Bc4 31. Nc7 Bd4+ {1/2-1/2 Van der
Sterren,P (2555)-Gelfand,B (2675)/Wijk aan Zee 1998/CBM 063}) 13... Bxd4 14.
Rd1 $146 (14. g5 Nc5 15. Bf4 Be5 16. Bd2 a6 17. Rac1 f6 18. gxf6 Rxf6 19. f3
Bd7 20. b4 Ne6 21. Na4 Raf8 22. c5 dxc5 23. bxc5 g5 24. Nb6 Be8 25. Bc3 Bxc3
26. Rxc3 Kh8 27. e5 Rf4 28. Nc8 g4 29. fxg4 Nd4 30. Bc4 Rxg4 31. Nd6 Rf3 32.
Ree3 Rxe3 33. Rxe3 Bg6 34. e6 Nc2 35. Rf3 Ne1 36. Rf2 Kg7 37. e7 Kh6 38. Bf7 {
1-0 Kosic,D (2501)-Zakic,S (2365)/Petrovac 2004/CBM 100 ext}) 14... Bxc3 15.
bxc3 Bxg4 16. f3 Be6 17. Bf4 Rfd8 18. Bxd6 b6 19. a4 Nc5 20. Bxc5 bxc5 21.
Rxd8+ Rxd8 22. Rb1 Kg7 23. a5 Rd2 24. Rb7 a6 25. Rb6 Ra2 26. Rxc6 Rxa5 27. f4
Kf8 28. Bd3 Ke7 29. f5 gxf5 30. exf5 Bd7 31. Rb6 f6 32. g4 h6 33. Be4 Ra4 34.
Bd5 a5 35. Kf2 Ra3 36. Be6 Bxe6 37. Rxe6+ Kf7 38. Rc6 Rxc3 39. Rxc5 a4 40. Rc7+
Kg8 41. c5 a3 42. Ra7 h5 1/2-1/2

[Event "XXVI Ciudad de Linares"]
[Site "Linares"]
[Date "2009.02.21"]
[Round "3"]
[White "Aronian, Levon"]
[Black "Radjabov, Teimour"]
[Result "1/2-1/2"]
[WhiteElo "2750"]
[BlackElo "2760"]
[PlyCount "84"]
[EventDate "2009.??.??"]
[EventCountry "ESP"]
[Source "Chess Tigers"]
[SourceDate "2009.01.01"]

1. d4 Nf6 2. c4 g6 3. Nc3 Bg7 4. Nf3 O-O 5. g3 c6 6. e4 $5 d5 7. cxd5 (7. e5
Ne4 8. Qb3 (8. Bg2 Nxc3 9. bxc3 dxc4 10. h4 c5 11. h5 cxd4 12. cxd4 Nc6 13. Be3
Bf5 14. Kf1 Nb4 15. hxg6 hxg6 16. Qd2 c3 17. Qxc3 Nc2 18. Rd1 Rc8 19. Qd2 Nxe3+
20. Qxe3 Qa5 21. Ng5 Rfd8 22. Qb3 e6 23. Qxb7 Rc7 24. Qf3 Rcd7 25. g4 Bc2 26.
Re1 Qd2 27. Qe3 Rxd4 28. Qxd2 Rxd2 29. Nh7 Rd1 30. Bf3 Bd3+ 31. Be2 Bxe2+ 32.
Kxe2 R8d2+ 33. Ke3 Rxe1+ 34. Rxe1 Rd5 35. Nf6+ Bxf6 36. exf6 Re5+ 37. Kd2 Rxe1
38. Kxe1 g5 39. Ke2 Kh7 40. Kd3 Kg6 41. Kc4 Kxf6 42. Kb5 Ke7 43. Ka6 Kd6 44.
Kxa7 Kc6 45. Kb8 f5 46. a4 fxg4 47. a5 Kb5 48. Kb7 Kxa5 49. Kc6 Kb4 50. Kd6 Kc4
51. Kxe6 Kd3 {1/2-1/2 Greenfeld,A (2530)-Golod,V (2535)/Givatayim 1998/CBM 065}
) 8... Nxc3 9. bxc3 dxc4 10. Bxc4 b5 11. Bd3 Be6 12. Qc2 Nd7 13. h4 Bd5 14. Qe2
Nb6 15. h5 Qd7 16. Rh4 Bc4 17. Ng5 Bxd3 18. Qxd3 Qd5 19. hxg6 hxg6 20. e6 f5
21. Qf1 Rf6 22. Qh3 Rxe6+ 23. Be3 Rd6 24. Rh7 Kf8 25. Bf4 Nd7 26. Bxd6 exd6 27.
Kf1 Nf6 28. Re1 Re8 29. Rxe8+ Nxe8 30. Qg2 Qc4+ 31. Kg1 Nf6 32. Rh4 Qxc3 33.
Ne6+ Kg8 34. Qf1 Ne4 35. Kg2 Bf6 36. Rh6 Kf7 37. Nf4 g5 38. Nd3 Bg7 39. Rh1
Qxd4 40. Qe2 Qd5 41. Kh2 g4 42. Nf4 Qd2 43. Qxd2 Nxd2 44. Rd1 Ne4 45. Kg2 d5
46. Nxd5 cxd5 47. Rxd5 Ke6 48. Rxb5 Nc3 49. Ra5 Bd4 50. f3 Bb6 51. Ra3 Nb5 52.
Ra4 Nd4 53. fxg4 fxg4 54. Kf2 Ke5 55. Ke3 Kf5 56. Kd3 Ne6 57. Ke2 Nc5 58. Rf4+
Kg5 59. Rd4 Ne6 60. Rd5+ Kf6 61. a4 Bc7 62. Kf2 Be5 63. a5 Bc3 64. Ke2 Bb4 65.
Kf2 Nc5 66. Rd4 Ke5 67. Rxg4 Bxa5 68. Ke2 Bc3 69. Kd1 a5 70. Kc2 Bd4 71. Rg8
Kd5 72. g4 a4 73. g5 Ke5 74. Rf8 a3 75. Ra8 Bb2 76. Ra5 Kd4 77. g6 Ne6 78. Kb3
Ke4 79. Rxa3 {1/2-1/2 Vavrak,P (2472)-Sergeev,V (2502)/Marianske Lazne 2008/
CBM 122 Extra}) 7... cxd5 8. e5 Ne4 9. Bg2 Nc6 10. O-O (10. h3 Be6 11. O-O Qd7
12. Kh2 f6 13. exf6 exf6 14. Be3 Rae8 15. Rc1 f5 16. Ne2 h6 17. h4 Kh7 18. Bf4
Qe7 19. Ne5 g5 20. hxg5 hxg5 21. Nxc6 bxc6 22. Rxc6 gxf4 23. Nxf4 Qd7 24. Ra6
Rf6 25. Kg1 Bf7 26. Qa4 Qxa4 27. Rxa4 Re7 28. Re1 Rc7 29. Nd3 Rfc6 30. Ne5 Bxe5
31. dxe5 Rc2 32. Bxe4 fxe4 33. b3 Rd2 34. Ra6 Re7 35. Rf6 Kg7 36. Rf5 Bg6 37.
Rg5 Kh6 38. Rg4 Rxe5 39. Rc1 Re6 40. Rh4+ Kg5 41. a4 Bh5 42. b4 Bf3 43. b5 Ra2
44. Rh8 Rh6 45. Rxh6 Kxh6 46. g4 Kg5 47. a5 Rxa5 48. Rc5 Ra1+ 49. Kh2 Kh4 {0-1
Farago,S (2385)-Sinkovics,P (2335)/Hungary 1992/EXT 2000}) 10... Bg4 11. h3
Bxf3 12. Bxf3 Rc8 $146 (12... Nxc3 13. bxc3 e6 14. h4 Qc7 15. Bg5 Na5 16. Rc1
Nc4 17. Kg2 Rac8 18. Qd3 h6 19. Bf4 Qe7 20. Rc2 Rc6 21. h5 g5 22. Bc1 Rfc8 23.
Be2 Na3 24. Bxa3 Qxa3 25. Rfc1 a6 26. f4 gxf4 27. gxf4 b5 28. f5 exf5 29. Bf3
Rd8 30. Kh1 b4 31. Rg1 Rxc3 32. Rxc3 Qxc3 33. Qxf5 Qe3 34. Rxg7+ Kxg7 35. Qf6+
Kh7 36. Qxf7+ Kh8 37. Qf6+ Kh7 38. Qe7+ {1-0 Kosten,A (2540)-Schwarz,M (2409)/
Austria 2003/CBM 097 ext}) 13. h4 Qa5 14. Qd3 Rfd8 15. Be3 Nb4 16. Qe2 Nxc3 17.
bxc3 Nc6 18. Rfc1 e6 19. c4 Qb6 20. c5 Qa5 21. Rab1 b6 22. h5 Qa4 23. Qb5 Qxb5
24. Rxb5 Bf8 25. cxb6 axb6 26. Rcb1 Ne7 27. hxg6 hxg6 28. g4 Ra8 29. R1b2 Nc8
30. Bd1 Rd7 31. a4 Rc7 32. f4 Rc3 33. Kf2 Ra7 34. Rc2 Rxc2+ 35. Bxc2 Rc7 36.
Bd1 Rc4 37. Ke2 Rb4 38. Rxb4 Bxb4 39. Bc2 Ne7 40. Bd3 Nc6 41. Bb5 Na7 42. Ba6
Nc6 1/2-1/2

[Event "XXVI Ciudad de Linares"]
[Site "Linares"]
[Date "2009.02.21"]
[Round "3"]
[White "Dominguez Perez, Leinier"]
[Black "Anand, Viswanathan"]
[Result "1/2-1/2"]
[WhiteElo "2717"]
[BlackElo "2791"]
[PlyCount "83"]
[EventDate "2009.??.??"]
[EventCountry "ESP"]
[Source "Chess Tigers"]
[SourceDate "2009.01.01"]

1. e4 c5 2. Nf3 d6 3. d4 cxd4 4. Nxd4 Nf6 5. Nc3 a6 6. Be3 e5 7. Nb3 Be6 8. Qd2
Nbd7 9. f3 h5 10. O-O-O Be7 11. Kb1 b5 (11... Rc8 12. Bd3 b5 13. h3 h4 14. f4
Qc7 15. Rhe1 Nb6 (15... g6 16. Qf2 Qb7 17. Na5 Qb8 18. f5 gxf5 19. exf5 Bc4 20.
Nxc4 bxc4 21. Be4 Nxe4 22. Nxe4 Nf6 23. Qf3 Qc7 24. Nc3 Rg8 25. Bf2 Rh8 26. Nd5
Nxd5 27. Rxd5 f6 28. Re4 Rb8 29. Rxh4 Rxh4 30. Bxh4 Qb7 31. b3 Kd7 32. Be1 Qc6
33. h4 Rc8 34. Qd1 Rg8 35. g3 Bf8 36. Bf2 Bh6 37. Bc5 Bf8 38. Bf2 Bh6 39. Rc5
Qg2 40. Be1 cxb3 41. axb3 Bd2 42. Rc4 d5 43. Ra4 Bxe1 44. Qxe1 Rxg3 45. Rxa6
Qg1 46. Qxg1 Rxg1+ 47. Kb2 Ke7 48. Re6+ Kf7 49. Rd6 e4 50. Kc3 Rf1 51. Rd7+ Kf8
52. Rd8+ Kf7 53. Rd7+ Kf8 54. Rd8+ {1/2-1/2 Karjakin,S (2678)-Topalov,V (2783)/
Wijk aan Zee 2007/CBM 117}) 16. Bxb6 Qxb6 17. Nd5 Bxd5 18. exd5 Rh5 19. fxe5
dxe5 20. Be2 Rf5 21. Bf3 Rd8 22. Qe2 Qc7 23. Rd3 Kf8 24. Rc3 Qd7 25. Re3 Bd6
26. Nd2 Rf4 {1/2-1/2 Kramnik,V (2807)-Anand,V (2753)/Monte Carlo 2003/CBM 093
ext}) (11... Qc7 12. Bd3 b5 13. h3 (13. Bg5 Nb6 14. f4 Rb8 15. Rhe1 Nc4 16.
Bxc4 bxc4 17. Nc1 Qb7 18. b3 exf4 19. Bxf4 O-O 20. Bxd6 Bxd6 21. Qxd6 Rfc8 22.
Nd5 Nxd5 23. exd5 Bf5 24. Rd2 Bg6 25. Re7 Qb5 26. Rc7 Qa5 27. Rxc8+ Rxc8 28.
Re2 cxb3 29. axb3 Qc3 30. Qg3 Bxc2+ 31. Ka2 Bb1+ 32. Kxb1 Qxc1+ 33. Ka2 Rc5 34.
Qb8+ Kh7 35. Qb4 f5 36. Qd2 Qxd2+ 37. Rxd2 Kg6 38. b4 Rc8 39. Kb3 Kf7 40. Ra2
Ra8 41. h4 f4 42. Re2 Kf6 43. Kc4 Rc8+ 44. Kd4 Rb8 45. d6 Rxb4+ 46. Kc5 Rb1 47.
Rd2 Rb8 48. d7 {1-0 Svidler,P (2728)-Topalov,V (2783)/Wijk aan Zee 2007/CBM 117
}) 13... h4 14. f4 Nb6 (14... b4 15. Nd5 Nxd5 16. exd5 Bxd5 17. Bf5 Nf6 18.
fxe5 dxe5 19. Bg5 Rd8 20. Bxf6 Bxf6 21. Qxb4 g6 22. Bd3 Bxg2 23. Rhg1 Bxh3 24.
Rde1 Be7 25. Qa4+ Bd7 26. Qxa6 Qd6 27. Qa5 h3 28. Nd2 Bc6 29. Ne4 Qd5 30. Qc7
h2 31. Rgf1 f5 32. Ng3 Qd6 33. Qa5 Qc5 34. Qd2 e4 {0-1 Akopian,V (2673)
-Gelfand,B (2723)/Yerevan 2008/CBM 124 Extra}) 15. Qf2 Rb8 16. Rhe1 Nc4 17.
fxe5 dxe5 18. Bc5 O-O 19. Bxe7 Qxe7 20. Qxh4 Rfc8 21. Qg3 Na3+ 22. Ka1 Rxc3 23.
bxc3 Qc7 24. Kb2 Nc4+ 25. Kc1 Nb6 26. Bf1 Rc8 27. Re3 Na4 28. Rd2 Nd7 29. Be2
Ndb6 30. Bg4 Nc4 31. Bxe6 fxe6 32. Red3 Nxd2 33. Kxd2 Nb2 34. Rf3 Rd8+ 35. Kc1
Nc4 36. Qg5 Qb6 37. Rf1 Rd7 38. Qg6 Qe3+ 39. Kb1 Na3+ 40. Kb2 Nc4+ 41. Kb1 {1/
2-1/2 Morozevich,A (2741)-Ivanchuk,V (2750)/Monte Carlo 2007/CBM 117 ext}) 12.
Nd5 Bxd5 (12... Nxd5 $6 13. exd5 Bf5 14. Na5 Qc7 15. Nc6 Rc8 16. Bd3 Bxd3 17.
Qxd3 Nf6 18. Nxe7 Qxe7 19. Bg5 Qc7 20. Bxf6 gxf6 21. Rhe1 Rg8 22. g3 Qc4 23.
Qh7 Rg6 24. c3 a5 25. Re4 Qc5 26. f4 b4 27. c4 f5 28. Ree1 e4 29. Rc1 Qd4 30.
Qxh5 Qf6 31. Qe2 Rc5 32. Qd2 Kf8 33. Re3 Rh6 34. h4 Rc8 35. b3 Kg7 36. Qb2
Qxb2+ 37. Kxb2 Kf6 38. a3 Rg6 39. Rh1 {1-0 Scheuermann,B (2315)-Scacco,M (2285)
/IECG email 2004/Corr 2008}) 13. exd5 Nb6 14. Bxb6 (14. Na5 Nbxd5 15. Bg5 Qc7
16. c4 bxc4 17. Bxc4 O-O 18. h4 Nf4 19. Rc1 Qb6 20. Bb3 Rac8 21. Nc4 Qb8 22.
Ne3 Rxc1+ 23. Rxc1 Rc8 24. Rd1 Ne6 25. Nf5 Qa7 26. g3 d5 27. Qe2 e4 28. fxe4
dxe4 29. a3 Qc5 30. Nxe7+ Qxe7 31. Qxa6 Rb8 32. Bxe6 fxe6 33. Qd6 Qxd6 34. Rxd6
Kf7 35. a4 Nd5 36. a5 e3 37. a6 Ra8 38. Rd7+ Kg6 39. a7 Kf5 40. Kc2 Ke4 41. Kd1
Kd3 42. b4 Rf8 {0-1 Morozevich,A (2788)-Gelfand,B (2720)/Moscow 2008/CBM 126
Extra}) 14... Qxb6 15. Na5 (15. Qe2 O-O 16. g4 g6 17. g5 Nh7 18. f4 Rae8 19.
fxe5 Bxg5 20. e6 Qe3 21. Qg2 h4 22. Bd3 f5 23. Rhe1 Qa7 24. Nd2 Qg7 25. Nf3 Bf6
26. Rg1 {1-0 Lastin,A (2535)-Fokin,S (2380)/Ekaterinburg 1997/CBM 057 ext})
15... Rc8 (15... Nd7 16. Bd3 Bf6 17. Rhe1 Kf8 18. Bf5 Nc5 19. Nc6 a5 20. f4
exf4 21. Qxf4 Qc7 22. c3 b4 23. cxb4 axb4 24. Rc1 g5 25. Qf2 Qb6 26. Rf1 Rh6
27. b3 Qa6 28. Qc2 Qa3 29. h3 Kg7 30. Rf3 {1/2-1/2 Klovans,J (2480)-Tatai,S 
(2343)/Saint Vincent 2003/CBM 096 ext}) (15... Qc5 16. g3 O-O 17. Nc6 Rfe8 18.
Bg2 Bd8 19. Rhe1 a5 20. c3 Qb6 21. f4 e4 22. Qc2 b4 23. Rd4 bxc3 24. Qxc3 Qb5
25. Qc4 Qxc4 26. Rxc4 Bb6 27. Bxe4 g6 28. Re2 Kg7 29. Ra4 Rac8 30. f5 g5 31. h3
Rc7 32. a3 Nxd5 33. Nd4 Nf6 34. Bd3 Re5 35. Rxe5 dxe5 36. Nb3 g4 37. hxg4 Nxg4
38. Nxa5 Ra7 39. b4 Bf2 40. Kb2 Bxg3 41. Kb3 h4 42. b5 Nf2 43. Bf1 Rd7 44. Bg2
Rd1 45. Kc2 Rg1 46. Bf3 Re1 47. Kd2 e4 48. Kxe1 exf3 49. f6+ Kg8 50. Rxh4 Ne4+
{0-1 Krueger,H (2279)-Schoonhoven,J (2567)/IECG email 2005/Corr 2008}) 16. Nc6
(16. c4 bxc4 17. Nxc4 Qa7 18. Na5 Rc5 19. Nc6 Qb6 20. Rc1 Nxd5 21. Rxc5 Qxc5
22. Nxe7 Kxe7 23. Bxa6 Rb8 24. Rc1 Qb6 25. Bc4 Nf4 26. Bb3 Ne6 27. Qd5 g6 28.
g3 Qf2 29. a4 Qxh2 30. a5 Qxg3 31. a6 Qf2 32. Rc6 Kf6 33. Rxd6 Qf1+ 34. Ka2 Rb5
35. a7 Rxd5 36. Bxd5 Ke7 37. Rc6 Qd1 {0-1 Bellaiche,A (2427)-Shneider,A (2511)/
Cappelle la Grande 2003/CBM 092 ext}) 16... Nxd5 17. Nxe7 Nxe7 18. Qxd6 Qxd6
19. Rxd6 Nc6 (19... Rc6 20. Rxc6 Nxc6 21. a4 Na7 22. axb5 axb5 23. Bd3 Ke7 24.
c3 Rb8 25. b4 Ke6 26. Kc2 Rb6 27. Ra1 Nc8 28. c4 bxc4 29. Bxc4+ Ke7 30. Kb3 f5
31. b5 e4 32. fxe4 fxe4 33. Re1 Nd6 34. Kb4 Kf6 35. Kc5 Nxc4 36. Kxc4 Ke5 37.
Kc5 Rb8 38. b6 Rc8+ 39. Kb5 Kd4 40. b7 Rf8 41. Ra1 Rb8 42. Kc6 e3 43. Kc7 Re8 {
1/2-1/2 Doberitz,P (2077)-Heinsohn,G (2182)/Leipzig 2008/CBM 123 Extra}) 20.
Rd2 $146 (20. a4 Ke7 21. Rd1 Rhd8 22. Bd3 Rd5 23. axb5 axb5 24. Be4 Rc5 25. Rd2
b4 26. Bxc6 R8xc6 27. Re1 Ra5 28. Rde2 f6 29. Re4 Rca6 30. Kc1 Rd6 31. Kb1 Rda6
32. Kc1 Rd6 33. Kb1 Rda6 {1/2-1/2 Gaponenko,I (2415)-Hamelink,D (2114)/Dieren
2002/CBM 089 ext}) 20... Ke7 21. Bd3 Rhd8 22. Rhd1 g6 23. a4 Rb8 24. axb5 axb5
25. Be4 Rxd2 26. Rxd2 Nd4 27. b4 f5 28. Bd3 h4 29. c3 Ne6 30. Bf1 Nf4 31. Kc2
Kf6 32. g3 hxg3 33. hxg3 Nh5 34. Rd5 Nxg3 35. Bxb5 e4 36. fxe4 Nxe4 37. Bd3 g5
38. Bxe4 fxe4 39. Kd2 g4 40. Ke3 Rc8 41. Kxe4 Rxc3 42. Kf4 1/2-1/2